|
|
|
|
| LEADER |
00000ncm a2200000 a 4500 |
| 001 |
vtls001456162 |
| 003 |
SK-MaSNL |
| 005 |
20260331204645.0 |
| 008 |
131003s2002 xo ba 0 slo |
| 015 |
|
|
|a SNBH2003/03-01650
|
| 020 |
|
|
|a 8088884330
|
| 035 |
|
|
|a SNK000411469
|
| 040 |
|
|
|a SNK
|b slo
|c SNK
|e AACR2
|
| 041 |
0 |
|
|a slo
|
| 072 |
|
7 |
|a 786
|2 konspekt
|
| 084 |
|
|
|a 1.1.4
|2 SNK
|
| 100 |
1 |
|
|a Bach, Johann Sebastian,
|d 1685-1750
|4 skl
|9 99650
|
| 245 |
1 |
|
|a Malé prelúdiá
|h hudobnina
|b klavír
|c Johann Sebastian Bach ; [revízia] Eva Fischerová-Martvoňová ; [sadzba nôt Stanislav Bartovič]
|
| 250 |
|
|
|a 2. revid. vyd.
|
| 260 |
|
|
|a Bratislava
|b Hudobné centrum
|c 2002
|
| 300 |
|
|
|a 1 partitúra (31 s.)
|c 30 cm
|
| 505 |
0 |
|
|a Obsahuje 2 časti
|
| 650 |
0 |
7 |
|a prelúdiá (klavír)
|2 SNK
|9 67840
|
| 650 |
0 |
7 |
|a inštruktívna tvorba
|x prelúdiá
|x klavír
|2 SNK
|9 639622
|
| 650 |
0 |
7 |
|a hudba pre klávesové nástroje
|2 konspekt
|9 3433
|
| 655 |
|
7 |
|a HHU
|2 SNK
|9 283804
|
| 655 |
|
7 |
|a partitúry
|2 SNK
|9 70123
|
| 700 |
1 |
|
|a Fischerová-Martvoňová, Eva,
|d 1922-2017
|4 zre
|9 125368
|
| 700 |
1 |
|
|a Bartovič, Stanislav,
|d 1949-2006
|4 typ
|9 41923
|
| 919 |
|
|
|a 80-88884-33-0
|
| 924 |
|
|
|a klavír
|
| 999 |
|
|
|c 987709
|d 989639
|
| 952 |
|
|
|t P60, <03>, [BOOK], {603}
|a SNK
|b SNK
|y PREZ
|7 0
|p 17A0389034
|o snkHSB 3638
|i snkKSP 7896/2003
|0 0
|1 0
|4 0
|d 2003-07-04
|l 0
|r 2005-01-02 00:00:00
|w 2026-02-24
|
| 952 |
|
|
|t P60, <04>, [BOOK], {604}
|a SNK
|b SNK
|y VYP
|7 0
|p 17A0389035
|o snkHSB 3638 D1
|i snkKSP 7897/2003
|0 0
|1 0
|4 0
|d 2003-07-04
|l 0
|r 2005-01-02 00:00:00
|w 2026-02-24
|